000 01530nam a2200217Ia 4500
003 Ost
005 20260507075053.0
008 260507s9999||||xx |||||||||||||| ||und||
040 _cfsecg
041 _aara
082 _a330.092
100 _aأحمد، عبد الرحمان يسرى
_eمؤلف
245 0 _aقضايا اقتصادية معاصرة /
_c عبد الرحمان يسرى أحمد
260 _aالاسكندرية:
_bالدار الجامعية,
_c2002
300 _a331 صفحة؛
_bإيضاحات ؛
_c24 سم
520 _aالاقتصاد المصري في مطلع القرن21، الاصلاح الاقتصادي في مصر، التحول من القطاع العام إلى الخاص، دور الدولة في تنمية الصادرات في اطار الظروف المعاصرة، مشكلة التضخم والحاجة إلى سياسات علاجية خاصة بالبلدان النامية، تنمية الصناعات الصغيرة في البلدان النامية، التكامل الاقتصادي العربي، التجربة وتحديات المشروعات التكاملية البديلة، اتجاهات العلاقات الاقتصادية الدولية وتيار العولمة قضية الفائدة، رد على الحجج الاقتصادية المؤيدة للفائدة في البلدان الاسلامية المعاصرة
653 _aالتضخم المالي
653 _aالتنمية الاقتصادية
653 _aمصر
942 _cكتاب
999 _c42688
_d42688